El valle de Benasque y sus maravillas / (Record no. 50734)

MARC details
000 -LEADER
campo de control de longitud fija 00468nam a2200157 i 4500
001 - NÚMERO DE CONTROL
campo de control 50734
003 - IDENTIFICADOR DE NÚMERO DE CONTROL
campo de control ES-MaACL
005 - FECHA Y HORA DE LA ÚLTIMA TRANSACCIÓN
campo de control 20230906162229.0
007 - CAMPO FIJO DE DESCRIPCIÓN FÍSICA--INFORMACIÓN GENERAL
campo de control de longitud fija t|
008 - DATOS DE LONGITUD FIJA--INFORMACIÓN GENERAL
campo de control de longitud fija 030806s1926 sp ||||1| spa d
100 1# - ENTRADA PRINCIPAL--NOMBRE DE PERSONA
Nombre de persona Curiá Martínez, Severo.
9 (RLIN) 42209
245 13 - MENCIÓN DEL TÍTULO
Título El valle de Benasque y sus maravillas /
Mención de responsabilidad, etc. Severo Curia Martínez.
260 ## - PUBLICACIÓN, DISTRIBUCIÓN, ETC.
Lugar de publicación, distribución, etc. Santa Cruz de Tenerife :
Nombre del editor, distribuidor, etc. [s.n.,
Fecha de publicación, distribución, etc. 1926] (
Fabricante Tip. Católica)
300 ## - DESCRIPCIÓN FÍSICA
Extensión 78 p. ;
Dimensiones 24 cm.
852 ## - LOCALIZACIÓN
Ubicación ES-MaACL
Número de control de estantería 1700-F-10
Holdings
Estatus retirado Estado de pérdida Estado de daño No para préstamo Colección Biblioteca de origen Biblioteca actual Ubicación en estantería Fecha de adquisición Fuente de adquisición Total de préstamos Signatura topográfica completa Código de barras Visto por última vez Precio de reemplazo Tipo de ítem Koha
        Colección de folletos Biblioteca del Ateneo de Madrid Biblioteca del Ateneo de Madrid Depósito folletos 17/01/2008     1700-F-10 1053361 23/02/2023 23/02/2023 Folleto